| 000 | 00914nac a22003017a 4500 | ||
|---|---|---|---|
| 001 | BR0103193 | ||
| 003 | BR-BrBNA | ||
| 005 | 20240105122550.0 | ||
| 008 | 230509b bl.|||m| |||| 00| 0 por d | ||
| 040 |
_aBR-BrBNA _bpor _cBiblioteca Nacional de Agricultura |
||
| 072 | _aP33 | ||
| 090 | _aP33 BR0103193 | ||
| 100 | 1 | _aMascarenhas, R.E.B. | |
| 100 | 1 | _aGama, J.R.N.F. | |
| 110 | 1 | _aEMBRAPA Amazonia Oriental, Belem, PA (Brasil) | |
| 245 | 1 | _aExtensao e caracteristicas das areas de mangue do litoral paraense | |
| 260 | 3 |
_aBelem, PA (Brasil): _c1999. |
|
| 300 | _a20 p. | ||
| 490 |
_aDocumentos - EMBRAPA Amazonia Oriental (Brazil) _vno. 2 _xISSN 1517-2201 |
||
| 500 | _a14 ref. | ||
| 650 | _aMangue | ||
| 650 | _aAspecto Fisiografico | ||
| 650 | _aSolo | ||
| 650 | _aPropriedade Fisico-Quimica | ||
| 650 | _aParana | ||
| 909 |
_a202312 _bLúcia Elande _c55 _dLúcia Elande |
||
| 942 |
_2AGRIS _n0 _cMS |
||
| 999 |
_c291687 _d291687 |
||